| 000 | 00917cam a22002414a 4500 | ||
|---|---|---|---|
| 001 | 11875553 | ||
| 005 | 20180208035201.0 | ||
| 008 | 991222s2000 nyu b 001 0 eng | ||
| 010 | _a 99045188 | ||
| 020 | _a1585420352 (alk. paper) | ||
| 040 |
_aDLC _cDLC _dDLC |
||
| 041 | _aeng | ||
| 042 | _apcc | ||
| 080 | _a615.954 SIM | ||
| 082 | 0 | 0 |
_a615.954 SIM _221 |
| 100 | 1 | _a10 | |
| 101 | _aNUT | ||
| 245 | 1 | 4 |
_aThe crazy makers : _cCarol Simontacchi. |
| 504 | _aIncludes bibliographical references and index. | ||
| 906 |
_a7 _bcbc _corignew _d1 _eocip _f19 _gy-gencatlg |
||
| 942 |
_2ddc _cBK |
||
| 999 |
_c42089 _d42089 |
||